| 000 | 00807nam a2200241 a 4500 | ||
|---|---|---|---|
| 008 | 951030s1990||||[C 0 ger c | ||
| 020 |
_a8008014466 _c11,50 |
||
| 040 |
_aSNK _bslo _cSNK _eAACR2 |
||
| 041 | 1 |
_aslo _hger |
|
| 044 |
_axo _cSK |
||
| 080 | _a372.880.30(075.2) | ||
| 100 | 1 |
_aPavlíková, Šarlota _4aut |
|
| 245 | 1 | 0 |
_aNemčina 5 pre základné školy _cŠarlota Pavlíková, Oľga Slivková ; Ondrej Slivka, František Božec, Dagmar Petrášková |
| 250 | _a2., vyd. | ||
| 260 |
_aBratislava _bSPN _c1990 _eOstrava _fOstravské tiskárny |
||
| 300 |
_a249 s. _c20 cm |
||
| 500 | _aSchválilo MŠM a Tv SR. Ilustr. na front. | ||
| 700 | 1 |
_aSlivková, Oľga _4aut |
|
| 700 | 1 |
_aSlivka, Ondrej _4bkd |
|
| 700 | 1 |
_aBožec, František _4bkd |
|
| 700 | 1 |
_aPetrášková, Dagmar _4bkd |
|
| 958 | _aA | ||
| 999 |
_c19192 _d19192 |
||